Di truyêÌ€n hoÌ£c TâÌ£p II
TriÌ€nh baÌ€y hêÌ£ thôÌng kiêÌn thưÌc vêÌ€ di truyêÌ€n hoÌ£c: cơ sở di truyêÌ€n, caÌc quy luâÌ£t vêÌ€ hiêÌ£n tươÌ£ng di truyêÌ€n, nhiễm săÌc thể, quâÌ€n thể vaÌ€ di truyêÌ€n hoÌ£c ngươÌ€i đôÌ€ng thơÌ€i giơÌi thiêÌ£u những ưI...
Shranjeno v:
| Glavni avtor: | |
|---|---|
| Drugi avtorji: | |
| Format: | Knjiga |
| Jezik: | Undetermined |
| Izdano: |
H.
ĐaÌ£i hoÌ£c Sư phaÌ£m
2006
|
| Teme: | |
| Online dostop: | http://lrc.tdmu.edu.vn/opac/search/detail.asp?aID=2&ID=6972 |
| Oznake: |
Označite
Brez oznak, prvi označite!
|
| Thư viện lưu trữ: | Trung tâm Học liệu Trường Đại học Thủ Dầu Một |
|---|
| LEADER | 01321nam a2200229Ia 4500 | ||
|---|---|---|---|
| 001 | TDMU_6972 | ||
| 008 | 210410s9999 xx 000 0 und d | ||
| 082 | |a 576.5 | ||
| 090 | |b PH105 | ||
| 100 | |a Phan, CưÌ£ Nhân | ||
| 245 | 0 | |a Di truyêÌ€n hoÌ£c | |
| 245 | 0 | |c Phan CưÌ£ Nhân (chủ biên), Nguyễn Minh Công, ĐăÌ£ng Hữu Lanh | |
| 245 | 0 | |n TâÌ£p II | |
| 260 | |a H. | ||
| 260 | |b ĐaÌ£i hoÌ£c Sư phaÌ£m | ||
| 260 | |c 2006 | ||
| 300 | |a 307tr. | ||
| 520 | |a TriÌ€nh baÌ€y hêÌ£ thôÌng kiêÌn thưÌc vêÌ€ di truyêÌ€n hoÌ£c: cơ sở di truyêÌ€n, caÌc quy luâÌ£t vêÌ€ hiêÌ£n tươÌ£ng di truyêÌ€n, nhiễm săÌc thể, quâÌ€n thể vaÌ€ di truyêÌ€n hoÌ£c ngươÌ€i đôÌ€ng thơÌ€i giơÌi thiêÌ£u những ưÌng duÌ£ng tiên tiêÌn trong lĩnh vưÌ£c di truyêÌ€n hoÌ£c hiêÌ£n nay | ||
| 650 | |a Vi sinh vâÌ£t; Sinh hoÌ£c; Di truyêÌ€n; Di truyêÌ€n hoÌ£c | ||
| 700 | |a Nguyễn, Minh Công | ||
| 856 | |u http://lrc.tdmu.edu.vn/opac/search/detail.asp?aID=2&ID=6972 | ||
| 980 | |a Trung tâm Học liệu Trường Đại học Thủ Dầu Một | ||